Commercial geography /

Kaydedildi:
Detaylı Bibliyografya
Yazar: Newbigin, Marion I. (Marion Isabel), 1869-1934
Materyal Türü: Kitap
Dil:English
Baskı/Yayın Bilgisi: London : Butterworths, 1932.
Edisyon:2nd ed.
Seri Bilgileri:Home university library of modern knowledge ;
Konular:
LEADER 00872nam a2200241 a 4500
001 c000386967
003 CARM
005 00000000000000.0
008 970825s1932 enk 00 00 eng d
019 1 |a 5527310  |5 LACONCORD2021 
035 |a (OCoLC)220162064  |5 LACONCORD2021 
040 |a VDU  |c VDU 
082 0 4 |a 91.712 
100 1 |a Newbigin, Marion I. (Marion Isabel),  |d 1869-1934. 
245 1 0 |a Commercial geography /  |c by Marion I. Newbigin. 
250 |a 2nd ed. 
260 |a London :  |b Butterworths,  |c 1932. 
300 |a 252 p. ;  |c 17 cm. 
490 0 |a Home university library of modern knowledge ; 
650 0 |a Commercial geography. 
852 8 |b CARM  |h A3:AD37A0  |i A05561  |p 0478132  |f BK 
999 f f |i 0119c6cf-ace3-5060-bc2b-6ed90176e783  |s 8406e6f3-d8db-59f9-92fd-435f3188435a 
952 f f |p Can circulate  |a CAVAL  |b CAVAL  |c CAVAL  |d CARM 1 Store  |e A05561  |f A3:AD37A0  |h Other scheme  |i book  |m 0478132